000 00404nam a22001577a 4500
003 OSt
005 20250526204429.0
008 250526b |||||||| |||| 00| 0 eng d
040 _cAccra
050 _aKRX3794
_b.3196A52
100 _aRepublic of Ghana
245 _aConsolidation of Criminal Code, 1960
_bACT 29
260 _aAccra;
_bAssembly Press;
_cc1960
300 _a124 pages
942 _2lcc
_cBK
_n0
999 _c5985
_d5985